000 00583nam a2200181 4500
001 136519
003 ES-MaACL
005 20230906195145.0
007 t|
008 070214s1949 sp r ||||1| spa d
100 1 _aSáenz Martínez, Jerónimo.
_9101331
245 1 3 _aLa vivienda en el territorio español de Ifni /
_cJerónimo Sènz Martínez.
260 _aMadrid :
_bInstituto de Estudios Africanos,
_c1949.
300 _a69 p. :
_bil. ;
_c24 cm.
500 _aPrecede al Tit :.
710 2 _aInstituto de Estudios Africanos.
_94881
852 _aES-MaACL
_j1895-F-6
_bR.27053
999 _c136519
_d136519